Green farming pilot (Record no. 72570)
[ view plain ]
| 000 -LEADER | |
|---|---|
| fixed length control field | 01253cam a2200217 4500 |
| 001 - CONTROL NUMBER | |
| control field | WB3916-16 |
| 008 - FIXED-LENGTH DATA ELEMENTS--GENERAL INFORMATION | |
| fixed length control field | 030429n2003 000 0 eng u |
| 035 ## - SYSTEM CONTROL NUMBER | |
| System control number | (Sirsi) u122121 |
| 245 ## - TITLE STATEMENT | |
| Title | Green farming pilot |
| 260 ## - PUBLICATION, DISTRIBUTION, ETC. | |
| Date of publication, distribution, etc. | 2003 |
| 490 ## - SERIES STATEMENT | |
| Series statement | DEFRA News Release |
| Volume/sequential designation | (148/03) 28 April 2003, (4) |
| 520 ## - SUMMARY, ETC. | |
| Summary, etc. | Independent research underlines the benefits of the government's new agri-environment pilot scheme. The three-year Buzz project delivered by the Farmed Environment Company has reported that options available under DEFRA's new Entry Level Scheme and the existing Countryside Stewardship Scheme improve the biodiversity of farmland. Research sites around the country recreated different habitat options available under the schemes; these report that improvements in biodiversity can be achieved quicker than previously anticipated and skilled management of the habitat by farmers is crucial to its success. For the DEFRA News release: http://www.defra.gov.uk/news/latest/2003/buzz.htm |
| 590 ## - LOCAL NOTE (RLIN) | |
| Local note | WB |
| 650 ## - SUBJECT ADDED ENTRY--TOPICAL TERM | |
| Topical term or geographic name entry element | GREEN FARMING PILOT |
| 650 ## - SUBJECT ADDED ENTRY--TOPICAL TERM | |
| Topical term or geographic name entry element | AGRI-ENVIRONMENT PILOT SCHEME |
| 650 ## - SUBJECT ADDED ENTRY--TOPICAL TERM | |
| Topical term or geographic name entry element | BIODIVERSITY |
| 650 ## - SUBJECT ADDED ENTRY--TOPICAL TERM | |
| Topical term or geographic name entry element | COUNTRYSIDE STEWARDSHIP SCHEME |
| 650 ## - SUBJECT ADDED ENTRY--TOPICAL TERM | |
| Topical term or geographic name entry element | BUZZ PROJECT |
| 690 ## - LOCAL SUBJECT ADDED ENTRY--TOPICAL TERM (OCLC, RLIN) | |
| Topical term or geographic name as entry element | RURAL-FARM BUSINESS MANAGEMENT |
| 942 ## - ADDED ENTRY ELEMENTS (KOHA) | |
| Suppress in OPAC | 0 |
| Withdrawn status | Lost status | Source of classification or shelving scheme | Damaged status | Not for loan | Home library | Current library | Shelving location | Date acquired | Total Checkouts | Full call number | Barcode | Date last seen | Copy number | Price effective from | Koha item type |
|---|---|---|---|---|---|---|---|---|---|---|---|---|---|---|---|
| Dewey Decimal Classification | London | London | News article | 29/04/2003 | WB3916-16 | 122121-1001 | 06/08/2019 | 1 | 06/08/2019 | News article |